[Event "Open Jastrzebie 2019"]
[Site "?"]
[Date "2019.08.12"]
[Round "1.1"]
[White "Gradalski, Olaf"]
[Black "Dzierzak, Radoslaw"]
[Result "0-1"]
[WhiteElo "1531"]
[BlackElo "2289"]
[PlyCount "61"]
[EventDate "2019.??.??"]

1. e4 d6 2. d4 Nf6 3. Nc3 g6 4. f3 Bg7 5. Be3 c6 6. Qd2 b5 7. Bh6 Bxh6 8. Qxh6
b4 9. Na4 Qa5 10. b3 Nbd7 11. Bd3 c5 12. d5 Ne5 13. Nb2 Ba6 14. Ne2 c4 15. Bxc4
Nxc4 16. Nxc4 Bxc4 17. bxc4 b3+ 18. Qd2 b2 19. Rb1 Qxa2 20. O-O Rb8 21. Qc3 O-O
22. Nd4 a5 23. Nc6 a4 24. Nb4 Rxb4 25. Qxb4 a3 26. e5 dxe5 27. Qxe7 Qxb1 28.
Rxb1 a2 29. Rxb2 a1=Q+ 30. Kf2 Qxb2 31. Qxf6 0-1

[Event "Open Jastrzêbie 2019"]
[Site "?"]
[Date "2019.08.12"]
[Round "1.2"]
[White "Khamitskiy, Sergei"]
[Black "Szymanski, Wojciech"]
[Result "1-0"]
[WhiteElo "2243"]
[BlackElo "1500"]
[PlyCount "63"]
[EventDate "2019.??.??"]

1. d4 d5 2. c4 c6 3. Nf3 Nf6 4. Nc3 e6 5. g3 Nbd7 6. Qd3 Bb4 7. Bg2 Qc7 8. O-O
O-O 9. Bf4 Bd6 10. Bxd6 Qxd6 11. Rfd1 Re8 12. e3 b6 13. e4 Nxe4 14. Nxe4 dxe4
15. Qxe4 Nf6 16. Qc2 Bb7 17. b4 Qc7 18. c5 b5 19. a4 a6 20. Rab1 h6 21. Ne5 Nd5
22. Re1 a5 23. axb5 Nxb4 24. Qe4 f6 25. b6 Qc8 26. Nc4 Ba6 27. Nd6 Bd3 28. Qe3
Qa6 29. Rxb4 axb4 30. Bxc6 Re7 31. Bxa8 b3 32. b7 1-0

[Event "Open Jastrzêbie 2019"]
[Site "?"]
[Date "2019.08.12"]
[Round "1.3"]
[White "Kotowicz, Kamil"]
[Black "Tymrakiewicz, Rafal"]
[Result "0-1"]
[WhiteElo "1498"]
[BlackElo "2226"]
[PlyCount "76"]
[EventDate "2019.08.12"]
[EventRounds "1"]
[EventCategory "3"]

1. d4 c5 2. d5 g6 3. c4 e5 4. Nc3 d6 5. e4 Nd7 6. Nf3 Bg7 7. Be2 Ne7 8. O-O O-O
9. Bg5 h6 10. Bd2 f5 11. Qc1 Kh7 12. Qc2 Nf6 13. Bd3 f4 14. Be2 g5 15. Be1 Ng6
16. Nd2 Rg8 17. f3 h5 18. a3 Bh6 19. b4 b6 20. bxc5 bxc5 21. Kh1 g4 22. fxg4
hxg4 23. Qd1 Bg5 24. Rg1 Qf8 25. Rb1 Rh8 26. g3 Kg8 27. Nf1 f3 28. Bxf3 gxf3
29. Qxf3 Bg4 30. Qf2 Nxe4 31. Nxe4 Bf3+ 32. Rg2 Bxe4 33. Rb3 Qxf2 34. Bxf2 Rh7
35. h4 Rf8 36. Kg1 Bxg2 37. Kxg2 Rhf7 38. Rb2 Bc1 0-1

[Event "Open Jastrzêbie 2019"]
[Site "?"]
[Date "2019.08.12"]
[Round "1.4"]
[White "Klepek, Witold"]
[Black "Lysakowski, Kamil"]
[Result "1-0"]
[WhiteElo "2197"]
[BlackElo "1494"]
[PlyCount "65"]
[EventDate "2019.??.??"]

1. e4 Nf6 2. e5 Nd5 3. d4 d6 4. c4 Nb6 5. exd6 cxd6 6. Nc3 g6 7. Be3 Bg7 8. Rc1
O-O 9. b3 Nc6 10. d5 Ne5 11. Be2 Bf5 12. f4 Ned7 13. Nf3 Nc5 14. O-O Re8 15.
Nd4 e6 16. dxe6 fxe6 17. Ndb5 Bf8 18. g4 Be4 19. Bxc5 dxc5 20. Qxd8 Raxd8 21.
Nxe4 a6 22. Nf6+ Kf7 23. Nxe8 axb5 24. Nc7 b4 25. Rcd1 Rc8 26. Nb5 Ra8 27. f5
exf5 28. gxf5 Rxa2 29. fxg6+ Kxg6 30. Rxf8 Rxe2 31. Rd6+ Kg7 32. Rb8 Rb2 33.
Rxb7+ 1-0

[Event "Open Jastrzêbie 2019"]
[Site "?"]
[Date "2019.08.12"]
[Round "1.5"]
[White "Brak, Marian"]
[Black "Galuszka, Tomasz"]
[Result "0-1"]
[WhiteElo "1489"]
[BlackElo "2113"]
[PlyCount "86"]
[EventDate "2019.??.??"]

1. e4 c6 2. f4 d5 3. e5 Bf5 4. d4 e6 5. Bd3 Ne7 6. g4 Bxd3 7. Qxd3 h5 8. g5 Nf5
9. h4 Qb6 10. Ne2 c5 11. c3 Nc6 12. Nd2 cxd4 13. cxd4 Nb4 14. Qb3 Rc8 15. Qa4+
Rc6 16. O-O Nc2 17. Nf3 Nxa1 18. Nc3 Qa6 19. Qd1 Bb4 20. Bd2 Qd3 21. Qxa1 Nxd4
22. Qd1 Bxc3 23. bxc3 Nxf3+ 24. Rxf3 Qf5 25. Qb3 Qg4+ 26. Kf2 Qxh4+ 27. Rg3 O-O
28. Qxb7 Rb6 29. Qxa7 Rb2 30. Qd4 Rc8 31. g6 fxg6 32. Kf3 Rc4 33. Qd3 Qh1+ 34.
Rg2 Rxf4+ 35. Kxf4 Qxg2 36. Ke3 Rxa2 37. c4 Qxd2+ 38. Qxd2 Rxd2 39. Kxd2 dxc4
40. Kc3 h4 41. Kxc4 h3 42. Kc5 h2 43. Kd6 Kf7 0-1

[Event "Open Jastrzêbie 2019"]
[Site "?"]
[Date "2019.08.12"]
[Round "1.6"]
[White "Kozsik, Bende Barnabas"]
[Black "Kopaczewski, Zbigniew"]
[Result "1-0"]
[WhiteElo "2044"]
[BlackElo "1464"]
[PlyCount "95"]
[EventDate "2019.??.??"]

1. e4 e6 2. d4 d5 3. Nc3 c6 4. e5 c5 5. f4 Nc6 6. Nf3 a6 7. Ne2 cxd4 8. Nexd4
Qb6 9. c3 Nh6 10. Bd3 Bd7 11. Qc2 g6 12. Be3 Ng4 13. Bg1 Qc7 14. g3 Nh6 15. g4
Rc8 16. Qe2 Na5 17. Bf2 b5 18. O-O Be7 19. a4 Nc4 20. axb5 axb5 21. b3 Na3 22.
Nxb5 Nxb5 23. Bxb5 Bc5 24. Bxd7+ Qxd7 25. Nd4 O-O 26. Qd2 Kh8 27. f5 Ng8 28. f6
Rfd8 29. g5 Qc7 30. Qf4 Ra8 31. Rad1 Bf8 32. Rc1 Rdb8 33. c4 dxc4 34. bxc4 Nxf6
35. gxf6 Rb4 36. Be3 Ra2 37. Nf3 Rbb2 38. Rf2 Qb7 39. Rcf1 Qb3 40. Ng5 Kg8 41.
Nxe6 Rxf2 42. Rxf2 Ra1+ 43. Rf1 Rxf1+ 44. Kxf1 Qd1+ 45. Kg2 Bb4 46. Nd4 Qd3 47.
e6 fxe6 48. f7+ 1-0

[Event "Open Jastrzêbie 2019"]
[Site "?"]
[Date "2019.08.12"]
[Round "1.7"]
[White "Lysakowski, Piotr"]
[Black "Kelemen, Szabolcs"]
[Result "0-1"]
[WhiteElo "1415"]
[BlackElo "1939"]
[PlyCount "118"]
[EventDate "2019.??.??"]

1. d4 Nf6 2. c4 g6 3. Nc3 d5 4. cxd5 Nxd5 5. e4 Nxc3 6. bxc3 Bg7 7. Bb2 c5 8.
d5 Qa5 9. Qd2 O-O 10. Nf3 Bg4 11. Be2 Rd8 12. O-O Nd7 13. Rfb1 Rac8 14. h3 Bxf3
15. Bxf3 Nb6 16. Qc2 Na4 17. Rc1 Rd6 18. Rab1 Rb6 19. Be2 c4 20. Ba1 Rxb1 21.
Qxb1 b5 22. Qb4 Qxb4 23. cxb4 Bxa1 24. Rxa1 Nc3 25. Bf3 a5 26. a3 Ra8 27. Rc1
axb4 28. axb4 Na2 29. Rb1 Ra4 30. e5 Rxb4 31. Ra1 Rb2 32. d6 exd6 33. exd6 Kf8
34. Bc6 Rd2 35. d7 Ke7 36. Re1+ Kd8 37. Re8+ Kc7 38. Rc8+ Kb6 39. Bxb5 Rd1+ 40.
Kh2 Kxb5 41. d8=Q Rxd8 42. Rxd8 c3 43. Rc8 Kb4 44. Kg3 Kb3 45. Rb8+ Ka3 46. Rc8
Kb3 47. Rb8+ Nb4 48. Kg4 c2 49. Rc8 f6 50. h4 Nd5 51. f4 Nc3 52. Rb8+ Ka4 53.
Ra8+ Kb5 54. f5 c1=Q 55. fxg6 hxg6 56. Rd8 Qe3 57. g3 Ne4 58. Rb8+ Kc6 59. Rb3
Nf2# 0-1

[Event "Open JastrzÄ™bie 2019"]
[Site "?"]
[Date "2019.08.12"]
[Round "1.8"]
[White "Wiecek, Pawel"]
[Black "Aleshko, Margarita"]
[Result "1-0"]
[WhiteElo "1916"]
[BlackElo "1319"]
[PlyCount "49"]
[EventDate "2019.??.??"]

1. d4 d5 2. c4 dxc4 3. e3 Be6 4. Nf3 c6 5. Be2 Nf6 6. O-O Nbd7 7. Nbd2 b5 8.
Ng5 Bd5 9. e4 h6 10. exd5 hxg5 11. dxc6 Nb6 12. Nf3 g4 13. Ne5 Qd5 14. Bxg4
Nxg4 15. Qxg4 g6 16. Be3 Bg7 17. f4 Qe4 18. Rae1 Bxe5 19. dxe5 Qxc6 20. e6 Nd5
21. exf7+ Kxf7 22. f5 Nxe3 23. fxg6+ Ke8 24. Rxe3 Qb6 25. Qe4 1-0

[Event "Open Jastrzêbie 2019"]
[Site "?"]
[Date "2019.08.12"]
[Round "1.9"]
[White "Wos, Kacper"]
[Black "Narov, Artem"]
[Result "0-1"]
[WhiteElo "1313"]
[BlackElo "1894"]
[PlyCount "68"]
[EventDate "2019.??.??"]

1. d4 d5 2. c4 c6 3. Nc3 Nf6 4. Nf3 e6 5. Bg5 Nbd7 6. Rc1 Qa5 7. Nd2 Bb4 8. a3
Bxc3 9. Rxc3 dxc4 10. Bxf6 Nxf6 11. Nxc4 Qd5 12. f3 O-O 13. Ne5 Rd8 14. e4 Qa5
15. b4 Qb6 16. Nc4 Qc7 17. Be2 Nd7 18. e5 Nb6 19. Nd6 Nd5 20. Rb3 Qe7 21. O-O
Nf4 22. g3 Nd5 23. b5 cxb5 24. Bxb5 Bd7 25. Bxd7 Rxd7 26. Qd3 Rc7 27. Rfb1 b6
28. f4 f5 29. a4 Rc6 30. Qb5 Qc7 31. Rf3 Nc3 32. Qb3 Ne2+ 33. Kf1 Nxd4 34. Qa2
Rc2 0-1

[Event "Open Jastrzêbie 2019"]
[Site "?"]
[Date "2019.08.12"]
[Round "1.10"]
[White "Marcinowski, Marek"]
[Black "Gollner, Martin"]
[Result "1-0"]
[WhiteElo "1881"]
[BlackElo "1282"]
[PlyCount "93"]
[EventDate "2019.??.??"]

1. d4 f5 2. Nf3 e6 3. Bf4 d5 4. e3 Nf6 5. Nbd2 Ne4 6. Ne5 Nf6 7. c4 Be7 8. b4
Bxb4 9. Qa4+ Nc6 10. Nxc6 Bxd2+ 11. Kxd2 bxc6 12. Qxc6+ Bd7 13. Qxc7 Qxc7 14.
Bxc7 Ne4+ 15. Ke1 O-O 16. c5 Rac8 17. Be5 g5 18. f3 Nc3 19. Kd2 Nb5 20. Rb1 a6
21. a4 Na3 22. Rb7 Rf7 23. Bxa6 Ra8 24. Rb6 Bc8 25. Bd3 Rxa4 26. Rb8 Rf8 27.
Rc1 Ba6 28. Rxf8+ Kxf8 29. c6 Bxd3 30. Kxd3 Nc4 31. c7 Ra3+ 32. Rc3 Ra8 33. Rb3
Ke7 34. Rb8 Ra3+ 35. Ke2 Ra2+ 36. Ke1 Nxe3 37. c8=Q Nc2+ 38. Kd2 Nb4+ 39. Kc3
Rc2+ 40. Kxb4 Rxc8 41. Rxc8 h5 42. Rc7+ Kd8 43. Kc5 g4 44. Kd6 h4 45. Bf6+ Ke8
46. Kxe6 h3 47. Rc8# 1-0

[Event "Open Jastrzêbie 2019"]
[Site "?"]
[Date "2019.08.12"]
[Round "1.11"]
[White "Szymanska, Joanna"]
[Black "Shystariova, Svitlana"]
[Result "0-1"]
[WhiteElo "1253"]
[BlackElo "1865"]
[PlyCount "60"]
[EventDate "2019.??.??"]

1. e4 e6 2. d4 d5 3. Nc3 dxe4 4. Nxe4 Nd7 5. Nf3 Ngf6 6. Bg5 Be7 7. Nfd2 Nxe4
8. Bxe7 Qxe7 9. Nxe4 Qb4+ 10. c3 Qxb2 11. Qc1 Qxc1+ 12. Rxc1 O-O 13. Bd3 b6 14.
f3 Bb7 15. O-O Rfd8 16. Rf2 e5 17. Nd2 Nf8 18. Nb3 c5 19. Rd2 exd4 20. cxd4
cxd4 21. Nxd4 Rac8 22. Rxc8 Rxc8 23. Nb5 a5 24. Nd6 Rc1+ 25. Kf2 Rc7 26. Rb2
Nd7 27. Bf5 Bd5 28. a3 Be6 29. Bxe6 fxe6 30. Ke3 Rc3+ 0-1

[Event "Open Jastrzêbie 2019"]
[Site "?"]
[Date "2019.08.12"]
[Round "1.12"]
[White "Darda, Roman"]
[Black "Sacharczuk, Karolina"]
[Result "1-0"]
[WhiteElo "1850"]
[BlackElo "1250"]
[PlyCount "59"]
[EventDate "2019.??.??"]

1. d4 d5 2. c4 e6 3. Nc3 Nf6 4. cxd5 exd5 5. Bg5 Be7 6. e3 Bf5 7. Bxf6 Bxf6 8.
Qb3 c6 9. Qxb7 Nd7 10. Qxc6 Be6 11. Bd3 Rb8 12. Rb1 Rb6 13. Qa4 Qc7 14. Nge2
O-O 15. Qc2 g6 16. O-O Bg7 17. Rfc1 Rfb8 18. b3 Rc6 19. Qd2 Qd8 20. Nb5 Rxc1+
21. Rxc1 a6 22. Nc7 a5 23. Qxa5 Qg5 24. Qe1 Nf6 25. b4 Bh3 26. Ng3 Bd7 27. b5
h5 28. Ne2 h4 29. a4 Bh3 30. Qf1 1-0

[Event "Open Jastrzêbie 2019"]
[Site "?"]
[Date "2019.08.12"]
[Round "1.13"]
[White "Tomanec, Samuel"]
[Black "Adamczyk, Piotr"]
[Result "0-1"]
[WhiteElo "1207"]
[BlackElo "1838"]
[PlyCount "54"]
[TimeControl "240+2"]

{581MB, Shredder10.ctg} 1. e4 c5 2. Nf3 e6 3. d4 cxd4 4. Nxd4 Nf6 5. Nc3 d6 6.
Bb5+ Bd7 7. Bxd7+ Nbxd7 8. Be3 Ne5 9. Bg5 a6 10. O-O Be7 11. Re1 O-O 12. Nf3
Qc7 13. a3 Nc4 14. Rb1 b5 15. Qd3 Rac8 16. Na2 Rfd8 17. Nb4 a5 18. Na2 h6 19.
Bh4 Qb6 20. Qe2 b4 21. axb4 axb4 22. b3 Na3 23. Rb2 g5 24. Bg3 g4 25. Nd2 Qd4
26. e5 dxe5 27. Bxe5 Qxd2 0-1

[Event "Open Jastrzêbie 2019"]
[Site "?"]
[Date "2019.08.12"]
[Round "1.15"]
[White "Piec , Patryk"]
[Black "Radecki, Adam"]
[Result "0-1"]
[WhiteElo "1095"]
[BlackElo "1792"]
[PlyCount "45"]
[TimeControl "240+2"]

{581MB, Shredder10.ctg} 1. e4 {[%emt 0:00:00]} d6 2. d4 Nf6 3. Nc3 Nbd7 4. Nf3
e5 5. d5 Nc5 6. Bd3 a5 7. Be3 Ncd7 8. Qd2 Be7 9. h3 O-O 10. O-O Re8 11. Be2 Nf8
12. Bb5 Bd7 13. Bxd7 Qxd7 14. a4 Ng6 15. b3 Rf8 16. Ne2 Nxe4 17. Qd3 Nf6 18.
Ng3 Rae8 19. c4 b6 20. Rae1 e4 21. Nxe4 Nxe4 22. Qxe4 Bf6 23. Ne5 0-1

[Event "Open Jastrzêbie 2019"]
[Site "?"]
[Date "2019.08.12"]
[Round "1.16"]
[White "Hoferek, Svatopluk"]
[Black "Bala, Bartosz"]
[Result "1-0"]
[WhiteElo "1786"]
[BlackElo "1093"]
[PlyCount "49"]
[EventDate "2019.??.??"]

1. d4 d5 2. Nf3 Nf6 3. e3 Nc6 4. c3 Bf5 5. Bb5 Qd6 6. Ne5 Bd7 7. f4 e6 8. b3 a6
9. Ba3 Nb4 10. Bxb4 Qb6 11. Bxd7+ Nxd7 12. Nxd7 Kxd7 13. Bxf8 Rhxf8 14. O-O f6
15. Nd2 e5 16. Qg4+ Kd6 17. fxe5+ fxe5 18. Qxg7 Rxf1+ 19. Rxf1 Re8 20. Rf6+ Re6
21. Qf8+ Kd7 22. Qf7+ Kd8 23. Rxe6 Qb5 24. Qf8+ Kd7 25. Qe8# 1-0

[Event "Open Jastrzêbie 2019"]
[Site "?"]
[Date "2019.08.12"]
[Round "1.17"]
[White "Lubszczyk, Piotr"]
[Black "Distel, Pawel"]
[Result "0-1"]
[WhiteElo "1067"]
[BlackElo "1705"]
[PlyCount "118"]
[EventDate "2019.??.??"]

1. e4 d6 2. d4 Nf6 3. Nc3 g6 4. Nf3 Bg7 5. Bd3 O-O 6. O-O Bg4 7. h3 Bxf3 8.
Qxf3 Nc6 9. Be3 e5 10. d5 Ne7 11. Qe2 Nh5 12. Bc4 Nf4 13. Bxf4 exf4 14. Qd2 g5
15. Bd3 Ng6 16. Rfe1 Bxc3 17. Qxc3 Ne5 18. Be2 Qd7 19. f3 h5 20. Kf2 f6 21. Rh1
Rf7 22. Rag1 Qa4 23. Qb3 Qd4+ 24. Ke1 Rb8 25. c3 Qe3 26. Qd1 Nc4 27. Qc2 b5 28.
b3 Ne5 29. Qd2 Qc5 30. g4 b4 31. c4 hxg4 32. hxg4 Rh7 33. Kf1 Rxh1 34. Rxh1 Kg7
35. Bd1 Rh8 36. Rxh8 Kxh8 37. Qf2 Qxf2+ 38. Kxf2 Nd3+ 39. Ke2 Nc1+ 40. Kd2 Nxa2
41. Kd3 Nc3 42. Bc2 Kg7 43. c5 Kf7 44. cxd6 cxd6 45. Kc4 a5 46. Kd3 Ke7 47. Kc4
Kd7 48. Kd3 Kc7 49. Kd2 Kb6 50. Bd3 Kc5 51. Bc2 Kd4 52. Bd3 a4 53. Bc4 a3 54.
Kc1 Ke3 55. Ba6 Kxf3 56. Bc4 Kxe4 57. Kc2 Ke3 58. Kc1 f3 59. Kc2 Ne2 0-1

[Event "Open Jastrzêbie 2019"]
[Site "?"]
[Date "2019.08.12"]
[Round "1.18"]
[White "Piechota, Kamil"]
[Black "Rocek, Matyas"]
[Result "1-0"]
[WhiteElo "1663"]
[BlackElo "1048"]
[PlyCount "79"]
[EventDate "2019.??.??"]

1. e4 e5 2. Nf3 Nc6 3. Bc4 Bc5 4. O-O Nf6 5. d3 h6 6. Re1 O-O 7. h3 Nd4 8. Nxe5
c6 9. c3 Ne6 10. Be3 Bxe3 11. Rxe3 d5 12. exd5 cxd5 13. Bb3 Qd6 14. d4 a6 15.
Nd2 Nf4 16. Qf3 Ng6 17. Nxg6 fxg6 18. Re5 Nd7 19. Qxd5+ Qxd5 20. Bxd5+ Kh7 21.
Re2 Nf6 22. Bb3 Bf5 23. Nf3 Rad8 24. Nh4 Bd3 25. Re3 Bf5 26. Nxf5 gxf5 27. Bc2
g6 28. Re7+ Kh8 29. Rae1 b5 30. R7e6 Kg7 31. Rxa6 Rb8 32. Re7+ Kh8 33. Ree6 Kg7
34. Reb6 Rxb6 35. Rxb6 Ra8 36. Bb3 Ra5 37. d5 b4 38. Rxb4 Nxd5 39. Bxd5 Rxd5
40. a4 1-0

[Event "Open Jastrzêbie 2019"]
[Site "?"]
[Date "2019.08.12"]
[Round "1.19"]
[White "Rocek, Lukas"]
[Black "Kovalenko, Yuriy"]
[Result "0-1"]
[WhiteElo "1030"]
[BlackElo "1658"]
[PlyCount "53"]
[EventDate "2019.??.??"]

1. e4 c5 2. Nf3 Nc6 3. d4 cxd4 4. Nxd4 d6 5. Nc3 Nf6 6. Bb5 Bd7 7. O-O g6 8.
Be3 Bg7 9. Qd2 O-O 10. Bh6 Bxh6 11. Qxh6 Nxd4 12. Bd3 Ng4 13. Qf4 e5 14. Qg3 h5
15. f4 Qb6 16. Kh1 Qxb2 17. Nd5 Bc6 18. Ne7+ Kh7 19. f5 Rae8 20. h3 Rxe7 21.
hxg4 hxg4 22. Qh4+ Kg8 23. fxg6 f6 24. Rad1 Qxa2 25. Rxf6 Rxf6 26. Qxf6 Qe6 27.
Bc4 {Zapis nieczytelny} 0-1

[Event "Open Jastrzebie 2019"]
[Site "?"]
[Date "2019.08.13"]
[Round "2.1"]
[White "Dzierzak, Radoslaw"]
[Black "Dziendziel, Mateusz"]
[Result "1-0"]
[WhiteElo "2289"]
[BlackElo "1801"]
[PlyCount "59"]

1. d4 f5 2. Bg5 h6 3. Bh4 g5 4. Bg3 Bg7 5. e3 e6 6. Qh5+ Kf8 7. Nc3 Nf6 8. Qf3
d6 9. O-O-O Nc6 10. Bc4 Ne7 11. h3 Bd7 12. Qxb7 Bc6 13. Qa6 Kf7 14. f3 Rb8 15.
Nge2 Qd7 16. e4 d5 17. exd5 Nexd5 18. Bxd5 exd5 19. Be5 Rhc8 20. h4 Rb6 21. Qd3
Rcb8 22. hxg5 hxg5 23. b3 Bb7 24. Ng3 f4 25. Bxf6 Rxf6 26. Nh5 Rg6 27. Nxg7
Kxg7 28. Na4 Bc8 29. Nc5 Qf7 30. Qe2 1-0

[Event "Open Jastrzebie 2019"]
[Site "?"]
[Date "2019.08.13"]
[Round "2.2"]
[White "Adamczyk, Piotr"]
[Black "Khamitskiy, Sergei"]
[Result "0-1"]
[WhiteElo "1838"]
[BlackElo "2243"]
[PlyCount "93"]
[EventDate "2019.??.??"]

1. d4 d5 2. Nf3 Nf6 3. e3 Bg4 4. Be2 e6 5. Ne5 Bxe2 6. Qxe2 Nbd7 7. Nxd7 Qxd7
8. Nd2 Bd6 9. e4 dxe4 10. Nxe4 Nxe4 11. Qxe4 Qb5 12. Bd2 Qxb2 13. O-O Qb5 14.
Rab1 Qc6 15. Qxc6+ bxc6 16. Rb7 Kd7 17. Rfb1 c5 18. Be3 c4 19. Kf1 a6 20. a4
Kc6 21. Ke2 Kd5 22. g3 Rhc8 23. c3 f6 24. Bf4 g5 25. Bxd6 Kxd6 26. Ke3 h5 27.
f4 gxf4+ 28. gxf4 Rg8 29. R7b2 Rg4 30. Rf2 Rag8 31. Rb4 Kd5 32. Rb7 R8g7 33.
Ra7 c5 34. Rxa6 cxd4+ 35. cxd4 Rb7 36. Ra5+ Kd6 37. Rb5 Rxb5 38. axb5 Rg1 39.
Rc2 Rb1 40. Rxc4 Rxb5 41. h4 Rb3+ 42. Ke2 Rh3 43. Rc5 f5 44. Re5 Rxh4 45. d5
Rxf4 46. Rxe6+ Kxd5 47. Rh6 0-1

[Event "Open Jastrzebie 2019"]
[Site "?"]
[Date "2019.08.13"]
[Round "2.3"]
[White "Tymrakiewicz, Rafal"]
[Black "Hoferek, Svatopluk"]
[Result "1-0"]
[WhiteElo "2226"]
[BlackElo "1786"]
[PlyCount "109"]

1. d4 Nf6 2. Bf4 d6 3. e3 g6 4. Nd2 Bg7 5. Ngf3 O-O 6. Bc4 a6 7. a4 b6 8. O-O
Bb7 9. Qe2 Nh5 10. Bg5 c5 11. c3 a5 12. Rfd1 Ba6 13. e4 Qc7 14. Bxa6 Nxa6 15.
d5 Nb8 16. Nc4 h6 17. Be3 Nd7 18. Nfd2 Kh7 19. g4 Nhf6 20. Bf4 Ng8 21. Nf3 f6
22. Nfd2 Ne5 23. Ne3 Qc8 24. h3 Rb8 25. Bg3 Qd7 26. f4 Nf7 27. Ndc4 Rb7 28. Qc2
Qc8 29. Kg2 Qd7 30. Rd2 Qc8 31. Na3 Re8 32. f5 g5 33. Nec4 Ne5 34. Rb1 Qd7 35.
b3 Reb8 36. Qd1 Qe8 37. Rdb2 Qd7 38. Qe2 Qe8 39. Nb5 Bf8 40. Rc2 Qd7 41. Rh1
Nf7 42. Bf2 Qe8 43. Be3 Rd8 44. Rb2 Rdb8 45. Kg3 Ra8 46. Nd2 Ne5 47. Nf3 h5 48.
h4 Nxg4 49. hxg5 Nxe3 50. Qxe3 fxg5 51. Nxg5+ Kh8 52. Rbh2 Nf6 53. Ne6 Qf7 54.
Kf3 Qg8 55. Rxh5+ 1-0

[Event "Open Jastrzebie 2019"]
[Site "?"]
[Date "2019.08.13"]
[Round "2.4"]
[White "Radecki, Adam"]
[Black "Klepek, Witold"]
[Result "1/2-1/2"]
[WhiteElo "1792"]
[BlackElo "2197"]
[PlyCount "96"]

1. e4 c5 2. Nf3 e6 3. d3 Nc6 4. g3 d5 5. Nbd2 Nf6 6. Bg2 Be7 7. O-O Qc7 8. Re1
O-O 9. c3 b6 10. exd5 Nxd5 11. d4 cxd4 12. Nxd4 Nxd4 13. cxd4 Bb7 14. Nf3 Bb4
15. Bd2 Bxd2 16. Qxd2 Nf6 17. Rac1 Qd6 18. Red1 Rac8 19. a3 h6 20. Ne1 Rxc1 21.
Rxc1 Bxg2 22. Kxg2 Rd8 23. Rd1 Qc6+ 24. Kg1 Rc8 25. Qe3 Qa4 26. Qe2 b5 27. Nf3
Rc2 28. Rd2 Rc1+ 29. Kg2 Qb3 30. Ne5 Rc8 31. Qf3 Qxf3+ 32. Kxf3 Kf8 33. Ke3 Ke7
34. Kd3 a6 35. Rc2 Rxc2 36. Kxc2 Nd5 37. Kd3 f6 38. Nf3 Kd6 39. Nd2 Nb6 40.
Ne4+ Kd5 41. b3 a5 42. Nc3+ Kc6 43. a4 b4 44. Ne4 Nd7 45. f4 Kd5 46. Nd2 Nb6
47. Nf1 Kd6 48. Ne3 f5 1/2-1/2

[Event "Open Jastrzebie 2019"]
[Site "?"]
[Date "2019.08.13"]
[Round "2.5"]
[White "Galuszka, Tomasz"]
[Black "Piechota, Kamil"]
[Result "1-0"]
[WhiteElo "2113"]
[BlackElo "1663"]
[PlyCount "53"]

1. e4 d5 2. exd5 Nf6 3. Bb5+ Bd7 4. Be2 Nxd5 5. d4 e6 6. Nf3 Nc6 7. O-O Be7 8.
c4 Nb6 9. b3 O-O 10. Bb2 a5 11. a3 Re8 12. Nc3 Na7 13. Re1 c5 14. dxc5 Bxc5 15.
Ne4 Be7 16. Qd4 f6 17. Rad1 Bc6 18. Qe3 Qc7 19. Nd4 Bxe4 20. Qxe4 e5 21. Ne6
Qc8 22. Bg4 Qb8 23. Bf5 Kf7 24. Bxh7 Kxe6 25. Qf5+ Kf7 26. Bg6+ Kf8 27. Qe6 1-0

[Event "Open Jastrzebie 2019"]
[Site "?"]
[Date "2019.08.13"]
[Round "2.6"]
[White "Distel, Pawel"]
[Black "Kozsik, Bende Barnabas"]
[Result "1-0"]
[WhiteElo "1705"]
[BlackElo "2044"]
[PlyCount "99"]

1. Nf3 Nf6 2. g3 g6 3. Bg2 Bg7 4. O-O c5 5. d3 Nc6 6. e4 O-O 7. Nc3 b6 8. h3
Bb7 9. Re1 d6 10. Ne2 d5 11. e5 Ne8 12. d4 Nc7 13. c3 f6 14. exf6 exf6 15. Nf4
Qd7 16. Be3 c4 17. h4 b5 18. Bh3 Qd6 19. Qd2 a5 20. Ng2 f5 21. Bf4 Qd7 22. h5
Ne6 23. hxg6 hxg6 24. Ne5 Nxe5 25. Bxe5 Kf7 26. Nh4 Rh8 27. Bxg7 Kxg7 28. Bg2
Rae8 29. Re5 Rhf8 30. Rae1 Bc6 31. f4 Kf7 32. Nf3 Kf6 33. Kf2 Qd6 34. Rh1 Kg7
35. Qe1 b4 36. Qd2 Nc7 37. Ng5 Kg8 38. Qe1 bxc3 39. Rh7 cxb2 40. Qh1 Qf6 41.
Rxc7 Qh8 42. Qb1 Rxe5 43. dxe5 Ba8 44. Qxb2 Qh5 45. e6 Qh6 46. Rh7 Qxh7 47.
Nxh7 Kxh7 48. e7 Re8 49. Qf6 Bc6 50. Qxc6 1-0

[Event "Open Jastrzebie 2019"]
[Site "?"]
[Date "2019.08.13"]
[Round "2.7"]
[White "Kelemen, Szabolcs"]
[Black "Sulkowski, Dawid"]
[Result "1-0"]
[WhiteElo "1939"]
[BlackElo "1604"]
[PlyCount "41"]

1. e4 c5 2. Nf3 e6 3. d4 cxd4 4. Nxd4 Nc6 5. Nc3 Qc7 6. Be3 a6 7. Qd2 Nf6 8. f3
Be7 9. O-O-O b5 10. g4 Bb7 11. g5 Nh5 12. f4 b4 13. Na4 e5 14. Nf5 exf4 15. Bb6
Qc8 16. Bc5 Qc7 17. Bxe7 Nxe7 18. Nd6+ Kf8 19. Be2 g6 20. Bxh5 gxh5 21. Qxf4
1-0

[Event "Open Jastrzebie 2019"]
[Site "?"]
[Date "2019.08.13"]
[Round "2.9"]
[White "Norov, Artem"]
[Black "Borkowski, Maciej"]
[Result "1-0"]
[WhiteElo "1894"]
[BlackElo "1559"]
[PlyCount "65"]

1. d4 d5 2. c4 c6 3. Nc3 Nf6 4. Nf3 Bf5 5. cxd5 Nxd5 6. e3 e6 7. Be2 Bb4 8. Bd2
O-O 9. O-O Bd6 10. Rc1 Nd7 11. a3 N7f6 12. h3 Ne4 13. Nxe4 Bxe4 14. Bc3 Qb6 15.
Nd2 Bg6 16. Nc4 Qc7 17. Nxd6 Nxc3 18. Rxc3 Qxd6 19. Qb3 b6 20. Bf3 Rac8 21.
Rfc1 c5 22. Qa4 Rc7 23. b4 Rfc8 24. Qb5 h6 25. bxc5 bxc5 26. Rxc5 Rxc5 27. dxc5
Qc7 28. c6 Rb8 29. Qc5 f6 30. Bg4 Kf7 31. Rd1 Rb1 32. Rxb1 Bxb1 33. Qb4 1-0

[Event "Open Jastrzebie 2019"]
[Site "?"]
[Date "2019.08.13"]
[Round "2.10"]
[White "Zak, Rafal"]
[Black "Marcinowski, Marek"]
[Result "1-0"]
[WhiteElo "1610"]
[BlackElo "1881"]
[PlyCount "139"]

1. e4 c6 2. c4 d5 3. cxd5 cxd5 4. exd5 Nf6 5. Bb5+ Bd7 6. Bc4 b5 7. Bb3 Na6 8.
d4 Nc7 9. d6 exd6 10. Nf3 Be7 11. d5 a5 12. Nc3 b4 13. Ne2 O-O 14. O-O Ng4 15.
h3 Nf6 16. Re1 Ne4 17. Nf4 Nc5 18. Bc4 g6 19. Nd4 Bf6 20. Be3 Re8 21. Qf3 Bg7
22. Rad1 Rc8 23. b3 Ne4 24. Nde6 Ng5 25. Nxd8 Nxf3+ 26. gxf3 Rexd8 27. Bb6 a4
28. Kg2 Bc3 29. Re3 Re8 30. Ne2 Bb2 31. Ba5 Ba3 32. Nd4 axb3 33. axb3 Re5 34.
Rxe5 dxe5 35. Nc6 Bxc6 36. dxc6 Ne8 37. Rd8 Rxd8 38. Bxd8 Kf8 39. c7 Nd6 40.
Bb5 Bb2 41. Bd7 Bd4 42. c8=Q Nxc8 43. Bxc8 Kg7 44. Be7 Bc3 45. Kf1 h6 46. Ke2
h5 47. Bc5 f5 48. Kd3 Kf6 49. Kc4 g5 50. Bxb4 Bxb4 51. Kxb4 g4 52. fxg4 fxg4
53. h4 e4 54. Kc4 Ke5 55. b4 Kf4 56. Kd4 Kf3 57. Bb7 Kxf2 58. Bxe4 Kg3 59. Ke3
Kxh4 60. Kf2 Kh3 61. Kg1 Kg3 62. b5 h4 63. b6 h3 64. b7 Kf4 65. Bc6 g3 66.
b8=Q+ Kg4 67. Bd7+ Kf3 68. Qf8+ Ke2 69. Bxh3 g2 70. Kxg2 1-0

[Event "Open Jastrzebie 2019"]
[Site "?"]
[Date "2019.08.13"]
[Round "2.12"]
[White "Szymon, Jakub"]
[Black "Darda, Roman"]
[Result "0-1"]
[WhiteElo "1572"]
[BlackElo "1850"]
[PlyCount "118"]

1. e4 e6 2. d4 d5 3. e5 c5 4. c3 Nc6 5. Nf3 Qb6 6. Be2 cxd4 7. cxd4 Nge7 8. Na3
Nf5 9. Nc2 Bb4+ 10. Kf1 Be7 11. a3 a5 12. h4 h5 13. Rb1 Bd7 14. g3 Rc8 15. Kg2
Na7 16. Be3 Qb3 17. Bd3 Ba4 18. Nfe1 Nb5 19. Qe2 Nc3 20. bxc3 Qxb1 21. Nb4 Qd1
22. Qxd1 Bxd1 23. Nxd5 Nxh4+ 24. gxh4 exd5 25. Bd2 Ba4 26. Nc2 O-O 27. Ne3 Rfd8
28. Bf5 Ra8 29. Rb1 Bc6 30. e6 g6 31. exf7+ Kxf7 32. Bd3 Bxh4 33. Kh3 Be7 34.
a4 Rd6 35. f4 Rf6 36. c4 Rxf4 37. cxd5 Bxd5 38. Bxg6+ Kxg6 39. Nxd5 Rxd4 40.
Nxe7+ Kf7 41. Bg5 Rg4 42. Bh4 Rd8 43. Rf1+ Ke8 44. Nf5 Rd3+ 45. Ng3 Rxa4 46.
Rf5 Kd7 47. Rxh5 Kc6 48. Be7 b5 49. Rc5+ Kb6 50. Rc2 Rc4 51. Rb2 Rcc3 52. Bh4
b4 53. Kg2 b3 54. Ne2 Rc2 55. Bf2+ Ka6 56. Nf4 Rxb2 57. Nxd3 Rc2 58. Kh1 b2 59.
Bg1 Kb5 0-1